| 000 | 00923namaa2200241 i 4500 | ||
|---|---|---|---|
| 001 | 178943 | ||
| 003 | ES-MaACL | ||
| 005 | 20250717050005.0 | ||
| 008 | 110810s1908 fr | |||| ||fre d | ||
| 080 | _a573.5 | ||
| 100 | 1 |
_aBastian, H. Charlton. _926361 |
|
| 245 | 1 | 2 |
_aL'évolution de la vie / _cpar H. Charlton Bastian ; traduction française avec avant-propos par Henry de Varigny, avec la collab. de Mlle G. de Varigny. |
| 260 |
_aParis : _bFélix Alcan, _c1908. |
||
| 300 |
_aVII, 272 p. : _bil. ; _c22 cm. |
||
| 490 | 1 |
_aBibliothèque scientifique internationale ; _v110 |
|
| 500 | _aAvec 12 figures dans le texte et 12 planches hors texte. | ||
| 650 | 0 | 7 |
_aBiogénesis _2embne _910571 |
| 700 | 1 |
_aVarigny, Henry Crosnier de ( _d1855-1934?) _9157468 |
|
| 830 | 0 |
_aBibliothèque scientifique internationale ; _v110 _9186949 |
|
| 852 |
_aES-MaACL _jF-14438 |
||
| 999 |
_c178943 _d178943 |
||